Équipe d'Italie de Football - Tous les joueurs (2000-....) - Statistiques

Statistiques générales
  • Ce quiz a été pris 3 758 fois
    463 depuis la dernière actualisation
  • Le résultat moyen est 58 sur 284
Statistiques - réponses
Première sélection Dernière sélection Joueur Nb de sélections % Correct
1997 2018 Gianluigi Buffon 176
98%
1988 2002 Paolo Maldini 126
90%
2024 Daniel Maldini 6
89%
2016 Gianluigi Donnarumma 78
89%
2004 2022 Giorgio Chiellini 117
89%
2010 2023 Leonardo Bonucci 121
88%
2002 2015 Andrea Pirlo 116
84%
1998 2006 Francesco Totti 58
84%
1997 2010 Fabio Cannavaro 136
81%
1995 2008 Alessandro Del Piero 91
77%
2010 2018 Mario Balotelli 36
77%
2012 2023 Marco Verratti 55
75%
1996 2006 Alessandro Nesta 78
72%
2004 2017 Daniele De Rossi 117
72%
2018 Federico Chiesa 51
70%
2000 2010 Gennaro Gattuso 73
70%
1996 2001 Enrico Chiesa 22
69%
2014 2023 Ciro Immobile 57
68%
2012 2022 Lorenzo Insigne 54
68%
2004 2017 Andrea Barzagli 73
67%
2001 2008 Marco Materazzi 41
65%
2018 Nicolo Barella 67
64%
2020 Alessandro Bastoni 40
63%
1997 2007 Filippo Inzaghi 57
63%
1999 2010 Gianluca Zambrotta 98
63%
2000 2003 Simone Inzaghi 3
63%
2018 Moise Kean 24
60%
2009 2017 Claudio Marchisio 55
59%
2022 Federico Dimarco 34
58%
1988 2004 Roberto Baggio 56
57%
2016 Jorginho 57
56%
2012 2022 Alessandro Florenzi 49
55%
2003 2009 Fabio Grosso 48
54%
2004 2009 Luca Toni 47
54%
2019 Sandro Tonali 29
54%
2020 Manuel Locatelli 33
53%
1999 2000 Tomas Locatelli 2
53%
2002 2012 Antonio Di Natale 42
51%
2010 2021 Salvatore Sirigu 28
50%
2019 Giovanni Di Lorenzo 52
49%
2014 2016 Graziano Pellè 20
49%
2010 2010 Marco Motta 1
49%
2011 2016 Thiago Motta 30
49%
2018 2023 Emerson 29
44%
2014 Francesco Acerbi 34
44%
2019 Gianluca Mancini 16
44%
2017 Leonardo Spinazzola 26
44%
2012 Stephan El Shaarawy 32
44%
2008 2014 Giuseppe Rossi 30
43%
2003 2010 Mauro Camoranesi 55
43%
2014 2018 Simone Zaza 18
43%
1997 2005 Christian Vieri 49
41%
2007 2017 Riccardo Montolivo 66
41%
2016 2022 Federico Bernardeschi 39
39%
2014 Matteo Darmian 46
39%
2013 2022 Mattia De Sciglio 40
38%
2019 Alex Meret 3
37%
2005 2005 Flavio Roma 3
37%
2014 2018 Mattia Perin 2
35%
2007 2019 Fabio Quagliarella 28
34%
2020 Pietro Pellegri 1
34%
2004 2013 Alberto Gilardino 57
33%
2016 2022 Andrea Belotti 44
33%
2012 2014 Andrea Poli 5
33%
2011 2015 Ignazio Abate 22
33%
2018 2023 Domenico Berardi 28
32%
2017 Lorenzo Pellegrini 36
32%
2020 Luca Pellegrini 1
32%
2024 Riccardo Calafiori 12
31%
2016 Alessio Romagnoli 13
30%
2003 2014 Antonio Cassano 39
30%
2017 Bryan Cristante 45
30%
2021 Giuseppe Scamacca 20
30%
2023 Mateo Retegui 24
30%
2022 Davide Frattesi 31
29%
2024 Andrea Cambiaso 18
28%
2016 2018 Daniele Rugani 7
28%
2019 Nicolo Zaniolo 19
28%
2005 2010 Vincenzo Iaquinta 40
28%
2016 Davide Zappacosta 14
27%
2015 2017 Eder 26
27%
1995 2004 Francesco Toldo 28
27%
2021 Giacomo Raspadori 44
27%
1999 2008 Massimo Ambrosini 35
27%
2024 Guglielmo Vicario 4
26%
2011 2015 Sebastian Giovinco 23
25%
1994 2000 Antonio Conte 20
24%
2023 Destiny Udogie 12
24%
2009 2018 Antonio Candreva 54
23%
2022 Federico Gatti 6
23%
2025 Francesco Pio Esposito 3
23%
2018 Matteo Politano 16
23%
2006 2014 Alberto Aquilani 38
22%
2006 2006 Gennaro Delvecchio 1
22%
1998 2004 Marco Delvecchio 22
22%
2004 2006 Mauro Esposito 6
22%
2022 Salvatore Esposito 1
22%
2000 2007 Christian Abbiati 4
21%
2008 2011 Simone Pepe 23
21%
2002 2009 Simone Perrotta 48
21%
2013 2024 Giacomo Bonaventura 18
20%
2022 Mattia Zaccagni 11
20%
2022 Wilfried Gnonto 13
20%
2024 Lorenzo Lucca 5
19%
2020 Davide Calabria 7
18%
2009 2012 Giampaolo Pazzini 25
17%
2022 Nicolo Fagioli 7
17%
2011 2015 Alessandro Matri 7
16%
2022 Fabio Miretti 1
16%
2012 2022 Manolo Gabbiadini 13
16%
2020 Matteo Pessina 16
16%
2022 Samuele Ricci 10
16%
1999 2005 Vincenzo Montella 20
16%
2013 2014 Alessio Cerci 14
15%
2010 2010 Amauri 1
15%
2008 2014 Christian Maggio 34
15%
2001 2004 Cristiano Zanetti 17
15%
2017 2020 Danilo D'Ambrosio 6
15%
2008 2011 Marco Borriello 7
15%
2011 2016 Angelo Ogbonna 13
14%
1991 2002 Demetrio Albertini 79
14%
2012 2016 Emanuele Giaccherini 29
14%
2019 Riccardo Orsolini 12
14%
2023 Alessandro Buongiorno 10
13%
2011 2017 Davide Astori 14
13%
1998 2002 Luigi Di Biagio 31
13%
2002 2008 Massimo Oddo 34
13%
2021 2023 Rafael Toloi 14
13%
2011 2018 Marco Parolo 36
12%
2021 Gian Marco Ferrari 1
11%
2022 Giorgio Scalvini 8
11%
2010 2016 Lorenzo De Silvestri 6
11%
2001 2004 Marco Di Vaio 14
11%
2002 2004 Matteo Ferrari 11
11%
2005 2012 Morgan De Sanctis 6
11%
2024 Nicolo Rovella 4
11%
2000 2004 Stefano Fiore 38
11%
2004 2011 Stefano Mauri 11
11%
2018 2021 Stefano Sensi 9
11%
1995 2006 Angelo Peruzzi 31
10%
1994 2008 Christian Panucci 57
10%
1987 2000 Ciro Ferrara 49
10%
2012 2012 Fabio Borini 1
10%
2010 2013 Federico Balzaretti 16
10%
2017 2020 Roberto Gagliardini 7
10%
2020 2021 Alessio Cragno 2
9%
2014 2015 Andrea Bertolacci 5
9%
1995 2002 Angelo Di Livio 40
9%
2007 2012 Antonio Nocerino 15
9%
2018 Cristiano Biraghi 16
9%
2004 2007 Cristian Zaccardo 17
9%
1998 2003 Damiano Tommasi 25
9%
2009 2013 Davide Santon 8
9%
2003 2004 Fabrizio Miccoli 10
9%
2009 2013 Federico Marchetti 11
9%
1996 2002 Gianluca Pessotto 22
9%
2018 Manuel Lazzari 3
9%
2005 2009 Marco Amelia 9
9%
2024 Niccolo Pisilli 1
9%
2024 Raoul Bellanova 5
9%
2017 2017 Andrea Conti 1
8%
2010 2016 Andrea Ranocchia 21
8%
2009 2018 Domenico Criscito 26
8%
2022 Joao Pedro 1
8%
2006 2015 Manuel Pasqual 14
8%
2002 2009 Nicola Legrottaglie 16
8%
2016 2016 Stefano Sturaro 4
8%
2018 Vincenzo Grifo 9
8%
2010 2013 Alessandro Diamanti 17
7%
2001 2008 Daniele Bonera 16
7%
2000 2002 Francesco Coco 17
7%
1994 2004 Giuseppe Favalli 8
7%
1998 2003 Mark Iuliano 19
7%
2011 2014 Pablo Dani Osvaldo 14
7%
2018 2018 Rolando Mandragora 1
7%
2017 2018 Simone Verdi 4
7%
1995 2003 Alessio Tacchinardi 13
6%
2010 2016 Luca Antonelli 13
6%
2022 Luiz Felipe 1
6%
2018 2018 Mattia Caldara 2
6%
2012 2014 Mattia Destro 8
6%
2024 Michael Folorunsho 2
6%
1994 2000 Paolo Negro 8
6%
2018 2018 Patrick Cutrone 1
6%
2004 2006 Simone Barone 15
6%
2022 Simone Pafundi 1
6%
2004 2004 Alessandro Parisi 1
5%
2017 2017 Andrea Petagna 1
5%
2019 2019 Armando Izzo 3
5%
2001 2002 Cristiano Doni 7
5%
1997 2000 Eusebio Di Francesco 12
5%
2020 2020 Francesco Caputo 2
5%
2014 2014 Gabriel Paletta 3
5%
2019 2021 Gaetano Castrovilli 4
5%
2019 2019 Pierluigi Gollini 1
5%
2002 2004 Alessandro Birindelli 6
4%
2022 Andrea Pinamonti 1
4%
2006 2001 Angelo Palombo 22
4%
2005 2005 Carmine Coppola 2
4%
2005 2007 Cristiano Lucarelli 6
4%
2025 Diego Coppola 2
4%
2010 2011 Emiliano Viviano 6
4%
2012 2012 Federico Peluso 3
4%
2015 2015 Franco Vazquez 2
4%
2018 2020 Kevin Lasagna 7
4%
2025 Luca Ranieri 1
4%
2003 2009 Marco Marchionni 6
4%
2025 Nicolo Cambiaghi 1
4%
2022 Pasquale Mazzocchi 1
4%
2007 2009 Raffaele Palladino 3
4%
2025 Roberto Piccoli 1
4%
2014 2020 Stefano Okaka 5
4%
2022 Tommaso Pobega 3
4%
2007 2009 Andrea Dossena 10
3%
2003 2004 Bernardo Corradi 13
3%
2006 2006 Cristian Brocchi 1
3%
2010 2010 Cristian Molinaro 2
3%
2000 2004 Daniele Adani 5
3%
2018 2018 Daniele Baselli 1
3%
2005 2006 David Di Michele 6
3%
1993 2000 Diego Fuser 25
3%
2012 2012 Ezequiel Schelotto 1
3%
2001 2006 Fabio Liverani 3
3%
2006 2006 Giulio Falcone 1
3%
1999 2005 Giuseppe Pancaro 19
3%
2019 2019 Leonardo Pavoletti 1
3%
2024 Marco Brescianini 2
3%
2002 2009 Matteo Brighi 4
3%
2022 Matteo Cancellieri 1
3%
2009 2012 Mattia Cassani 11
3%
2015 2015 Nicola Sansone 3
3%
2004 2007 Aimo Diana 13
2%
2007 2011 Alessandro Gamberini 8
2%
2022 Alessio Zerbin 1
2%
2010 2010 Cristian Ledesma 1
2%
2018 2019 Cristiano Piccini 3
2%
2011 2011 Daniele Gastaldello 1
2%
2009 2009 Davide Biondini 2
2%
2014 2015 Emiliano Moretti 2
2%
1998 2000 Francesco Moriero 8
2%
2006 2007 Franco Semioli 3
2%
2009 2009 Gaetano D'Agostino 5
2%
2022 Gianluca Caprari 1
2%
1997 2002 Luigi Sartor 2
2%
2005 2008 Marco Cassetti 5
2%
2013 2013 Marco Sau 1
2%
2006 2006 Massimo Gobbi 1
2%
2002 2002 Massimo Maccarone 2
2%
2015 2015 Mirko Valdifiori 1
2%
2014 2020 Roberto Soriano 9
2%
2009 2010 Salvatore Bocchetti 5
2%
2009 2009 Sergio Pellissier 1
2%
2006 2007 Tommaso Rocchi 3
2%
2007 2007 Alessandro Rosina 1
1%
2004 2006 Andrea Caracciolo 2
1%
2010 2010 Andrea Cossu 2
1%
2002 2002 Antonino Asta 1
1%
2005 2005 Antonio Langella 3
1%
2002 2004 Carlo Nervo 6
1%
2006 2006 Christian Terlizzi 1
1%
2001 2006 Cristian Zenoni 2
1%
2000 2000 Damiano Zenoni 1
1%
2009 2009 Daniele Galloppa 2
1%
2006 2006 Emiliano Bonazzoli 1
1%
2005 2005 Giampiero Pinzi 1
1%
2009 2009 Giuseppe Mascara 1
1%
2003 2004 Ivan Pelizzoli 2
1%
2001 2006 Luciano Zauri 5
1%
2004 2005 Manuele Blasi 8
1%
2002 2002 Massimo Marazzina 3
1%
2007 2007 Max Tonetto 1
1%
1999 2000 Paolo Vanoli 2
1%
2007 2009 Pasquale Foggia 3
1%
2005 2005 Roberto Baronio 1
1%
2004 2004 Sergio Volpi 2
1%
2004 2004 Stefano Bettarini 1
1%
2000 2001 Valerio Bertotto 4
1%
2001 2001 Alessandro Pierini 1
0%
2005 2005 Dario Dainelli 1
0%
2012 2012 Diego Fabbrini 1
0%
2003 2004 Fabio Bazzani 3
0%
2005 2005 Franco Brienza 2
0%
2005 2007 Giandomenico Mesto 3
0%
2003 2003 Marcello Castellini 1
0%
Aucun quiz correspondant
Distribution des résultats
% des personnes avec chaque résultat
Percentile par nombre de réponses
Votre historique - résultats
Vous n’avez pas pris ce quiz depuis la dernière actualisation